<?xml version="1.0" encoding="UTF-8"?>
<marc:record xmlns:marc="http://www.loc.gov/MARC21/slim">
   <marc:leader>00000nam a2200000 a 4500</marc:leader>
   <marc:datafield ind1="1" ind2=" " tag="100">
      <marc:subfield code="a">Brensing, Peer</marc:subfield>
   </marc:datafield>
   <marc:datafield ind1="1" ind2=" " tag="100">
      <marc:subfield code="a">Flimm, Jürgen</marc:subfield>
   </marc:datafield>
   <marc:datafield ind1="1" ind2=" " tag="100">
      <marc:subfield code="a">Müller-Westernhagen, Marius</marc:subfield>
   </marc:datafield>
   <marc:datafield ind1="1" ind2=" " tag="100">
      <marc:subfield code="a">Beauvais, Peter</marc:subfield>
   </marc:datafield>
   <marc:datafield ind1="0" ind2="0" tag="245">
      <marc:subfield code="a">Der Unfall [Bildtonträger]</marc:subfield>
   </marc:datafield>
   <marc:datafield ind1="0" ind2="0" tag="245">
      <marc:subfield code="c">Regie: Peter Beauvais. Mit Marius Müller-Westernhagen, Jürgen Flimm, Peer Brensing ...</marc:subfield>
   </marc:datafield>
   <marc:datafield ind1=" " ind2="1" tag="264">
      <marc:subfield code="b">Pidax film media Ltd.</marc:subfield>
      <marc:subfield code="c">2013</marc:subfield>
   </marc:datafield>
   <marc:datafield ind1="1" ind2=" " tag="490">
      <marc:subfield code="a">Film-Klassiker-Edition</marc:subfield>
   </marc:datafield>
   <marc:datafield ind1="1" ind2=" " tag="520">
      <marc:subfield code="a">Kurz vor der Ankunft seines Bruders Paco in Deutschland wird der spanische Gastarbeiter Abél in Köln schwer verletzt in einer Baugrube gefunden. Paco wird von der Polizei über den mysteriösen Unfall informiert und findet selbst eine Anstellung in der Firma, für die Abél arbeitete. Dabei wird ihm trotz seiner Sprachschwierigkeiten ziemlich schnell klar, dass der Alltag in Deutschland von Vorurteilen gegenüber ausländischen Gastarbeitern geprägt ist.</marc:subfield>
   </marc:datafield>
   <marc:datafield ind1=" " ind2=" " tag="020">
      <marc:subfield code="a">4260158192477</marc:subfield>
      <marc:subfield code="9">4260158192477</marc:subfield>
   </marc:datafield>
   <marc:datafield ind1=" " ind2=" " tag="500">
      <marc:subfield code="a">Orig. : BRD 1968. Sprache: Deutsch (Dolby Digital 2.0)</marc:subfield>
   </marc:datafield>
   <marc:datafield ind1="0" ind2=" " tag="490">
      <marc:subfield code="v">0</marc:subfield>
   </marc:datafield>
   <marc:datafield ind1=" " ind2=" " tag="300">
      <marc:subfield code="a">1 DVD (73 Min.) : farbig</marc:subfield>
   </marc:datafield>
</marc:record>
